书目信息 |
| 题名: |
暖通空调系统自动化
|
|
| 作者: | 安大伟 主编 | |
| 分册: | ||
| 出版信息: | 北京 中国建筑工业出版社 2009.07 |
|
| 页数: | 298页 | |
| 开本: | 26cm | |
| 丛书名: | 高校建筑环境与设备工程专业指导委员会规划推荐教材 | |
| 单 册: | ||
| 中图分类: | TU83 | |
| 科图分类: | ||
| 主题词: | 采暖设备--cai nuan she bei--自动控制--高等学校--教材 , 空气调节设备--kong qi tiao jie she bei--自动控制--高等学校--教材 , 通风设备--tong feng she bei--自动控制--高等学校--教材 | |
| 电子资源: | ||
| ISBN: | 978-7-112-11026-1 | |
| 000 | 01221nam 2200289 450 | |
| 001 | 200000001578 | |
| 005 | 20100508145513.95 | |
| 010 | @a978-7-112-11026-1@dCNY30.00 | |
| 100 | @a20100515d2009 km y0chiy0121 eb | |
| 101 | 0 | @achi |
| 102 | @aCN@b110000 | |
| 105 | @aa a 000yy | |
| 200 | 1 | @a暖通空调系统自动化@Anuan tong kong tiao xi tong zi dong hua@f安大伟主编 |
| 210 | @a北京@c中国建筑工业出版社@d2009.07 | |
| 215 | @a298页@c图@d26cm | |
| 225 | 2 | @a高校建筑环境与设备工程专业指导委员会规划推荐教材@Agao xiao jian zhu huan jing yu she bei gong cheng zhuan ye zhi dao wei yuan hui gui hua tui jian jiao cai |
| 300 | @a普通高等教育“十一五”国家级规划教材 | |
| 320 | @a有书目 (第298页) | |
| 330 | @a本书为普通高等教育“十一五”国家级规划教材,高校建筑环境与设备工程专业指导委员会规划推荐教材。全书共十章。 | |
| 410 | 0 | @12001 @a高校建筑环境与设备工程专业指导委员会规划推荐教材 |
| 606 | 0 | @a采暖设备@Acai nuan she bei@x自动控制@x高等学校@j教材 |
| 606 | 0 | @a空气调节设备@Akong qi tiao jie she bei@x自动控制@x高等学校@j教材 |
| 606 | 0 | @a通风设备@Atong feng she bei@x自动控制@x高等学校@j教材 |
| 690 | @aTU83@v4 | |
| 701 | 0 | @a安大伟@Aan da wei@4主编 |
| 801 | 0 | @aCN@c20100515 |
| 905 | @dTU83@eA490@f5 | |
| 暖通空调系统自动化/安大伟主编.-北京:中国建筑工业出版社,2009.07 |
| 298页:图;26cm.-(高校建筑环境与设备工程专业指导委员会规划推荐教材) |
| 普通高等教育“十一五”国家级规划教材 |
| ISBN 978-7-112-11026-1:CNY30.00 |
| 本书为普通高等教育“十一五”国家级规划教材,高校建筑环境与设备工程专业指导委员会规划推荐教材。全书共十章。 |
| ● |
| 相关链接 |
|
|
|
正题名:暖通空调系统自动化
索取号:TU83/A490
 
预约/预借
| 序号 | 登录号 | 条形码 | 馆藏地/架位号 | 状态 | 备注 |
| 1 | 899284 | 208992848 | 建筑库201/201建筑库 50排6列4层/ [索取号:TU83/A490] | 在馆 | |
| 2 | 899285 | 208992857 | 建筑库201/201建筑库 50排6列4层/ [索取号:TU83/A490] | 在馆 | |
| 3 | 899286 | 208992866 | 能源与建筑环境工程学院资料室/101建筑库 77排1列1层/ [索取号:TU83/A490] | 在馆 | |
| 4 | 899287 | 208992875 | 能源与建筑环境工程学院资料室/101建筑库 77排1列1层/ [索取号:TU83/A490] | 在馆 | |
| 5 | 899288 | 208992884 | 建筑库201/201建筑库 50排6列4层/ [索取号:TU83/A490] | 在馆 |